Witness immunity (Record no. 77390)
[ view plain ]
| 000 -LEADER | |
|---|---|
| fixed length control field | 01391cab a2200229 4500 |
| 001 - CONTROL NUMBER | |
| control field | ##L134151 |
| 008 - FIXED-LENGTH DATA ELEMENTS--GENERAL INFORMATION | |
| fixed length control field | 060713n2006 000 0 eng u |
| 035 ## - SYSTEM CONTROL NUMBER | |
| System control number | (Sirsi) u134151 |
| 041 0# - LANGUAGE CODE | |
| Language code of text/sound track or separate title | eng |
| 100 1# - MAIN ENTRY--PERSONAL NAME | |
| Personal name | Gooderham, Peter |
| 245 00 - TITLE STATEMENT | |
| Title | Witness immunity |
| Remainder of title | the argument in favour |
| 260 ## - PUBLICATION, DISTRIBUTION, ETC. | |
| Date of publication, distribution, etc. | 2006 |
| 490 #0 - SERIES STATEMENT | |
| Series statement | New Law Journal |
| Volume/sequential designation | 156(7232) 7 July 2006, 1086-1089(4) |
| 520 ## - SUMMARY, ETC. | |
| Summary, etc. | In the light of the decision in "Meadow v General Medical Council" ([2006] EWHC 146, Admin, unreported), the author argues that limited immunity for expert witnesses against claims by dissatisfied litigants remains necessary to ensure that they can give evidence in court without fear of subsequent litigation or complaint to their professional body. A second article "Witness immunity - the argument against" takes the opposite view, arguing that as advocates, on public policy grounds, have now lost legal immunity, there is no reason why experts, who owe an equivalent duty of care to the party who calls them, should be in a different position. |
| 590 ## - LOCAL NOTE (RLIN) | |
| Local note | IKA180706 |
| 650 24 - SUBJECT ADDED ENTRY--TOPICAL TERM | |
| Topical term or geographic name entry element | MEADOW V GENERAL MEDICAL COUNCIL |
| 650 24 - SUBJECT ADDED ENTRY--TOPICAL TERM | |
| Topical term or geographic name entry element | STANTON V CALLAGHAN |
| 651 #4 - SUBJECT ADDED ENTRY--GEOGRAPHIC NAME | |
| Geographic name | England and Wales |
| Chronological subdivision | 1543- |
| 690 ## - LOCAL SUBJECT ADDED ENTRY--TOPICAL TERM (OCLC, RLIN) | |
| Topical term or geographic name as entry element | MANAGEMENT-DISPUTE AVOIDANCE, MANAGEMENT AND RESOLUTION-DISPUTE MANAGEMENT AND RESOLUTION-EXPERT WITNESSES-EXPERT EVIDENCE |
| 700 1# - ADDED ENTRY--PERSONAL NAME | |
| Personal name | Blom-Cooper, Louis Jacques |
| Titles and other words associated with a name | Sir |
| Dates associated with a name | 1926- |
| 942 ## - ADDED ENTRY ELEMENTS (KOHA) | |
| Suppress in OPAC | 0 |
| Withdrawn status | Lost status | Source of classification or shelving scheme | Damaged status | Not for loan | Home library | Current library | Shelving location | Date acquired | Total Checkouts | Full call number | Barcode | Date last seen | Copy number | Price effective from | Koha item type |
|---|---|---|---|---|---|---|---|---|---|---|---|---|---|---|---|
| Dewey Decimal Classification | London | London | Journal article | 13/07/2006 | L134151 | 134151-1001 | 06/08/2019 | 1 | 06/08/2019 | Journal article |